Diseño de una planta de generación eléctrica utilizando como fuente energía derivada del mar
Guardado en:
| Hovedforfatter: | |
|---|---|
| Andre forfattere: | |
| Format: | Bog |
| Sprog: | Spanish |
| Udgivet: |
[San José, Costa Rica]
2012
|
| Fag: | |
| Tags: |
Tilføj Tag
Ingen Tags, Vær først til at tagge denne postø!
|
MARC
| LEADER | 00000nam a22000007a 4500 | ||
|---|---|---|---|
| 003 | 010861 | ||
| 005 | 20230831153646.0 | ||
| 008 | 151026b2012 cr a|||| |||| 00| ||spa d | ||
| 040 | |c cru CEDI | ||
| 090 | |a TFG 6683 | ||
| 100 | |9 1357 |a Villamil Chinchilla, David, 1987- | ||
| 245 | |a Diseño de una planta de generación eléctrica utilizando como fuente energía derivada del mar | ||
| 260 | |a [San José, Costa Rica] |c 2012 | ||
| 300 | |a xiii, 54 hojas : ilustraciones (algunas a color) | ||
| 500 | |a Proyecto de graduación (bachillerato en ingeniería)--Universidad de Costa Rica. Facultad de Ingeniería Eléctrica. Escuela de Ingeniería Eléctrica | ||
| 501 | |a Profesor Guía de IE-0502 Proyecto Eléctrico: Ing. Guillermo Rodríguez Obando | ||
| 650 | |x GENERACION DE ENERGIA |x ENERGIA ELECTRICA |x CENTRALES DE ENERGIA |x DISTRIBUCION DE ENERGIA ELECTRICA |9 1764 | ||
| 700 | |9 1290 |a Rodríguez Obando,Guillermo, 1985- |d Director de Proyecto Eléctrico | ||
| 942 | |c CEDI | ||
| 999 | |c 14261 |d 14261 | ||
